Northern Lights on Civic and Citizenship Education (Record no. 30533)

MARC details
000 -LEADER
fixed length control field 00961nam a2200121Ia 4500
008 - FIXED-LENGTH DATA ELEMENTS--GENERAL INFORMATION
fixed length control field 220620s9999||||xx |||||||||||||| ||und||
245 #0 - TITLE STATEMENT
Title Northern Lights on Civic and Citizenship Education
Remainder of title A Cross-national Comparison of Nordic Data from ICCS
546 ## - LANGUAGE NOTE
Language note English[eng]
650 ## - SUBJECT ADDED ENTRY--TOPICAL TERM
Topical term or geographic name entry element Education, general||Educational Policy and Politics||Teaching and Teacher Education||Assessment and Testing||Citizenship Education||ICCS 2016||Democratic education||Digital citizenship||School climate||Sustainable democracy||IEA||Civic and Citizenship Education||Analysis of data from ICCS||Young Nordic citizens||Civic and citizenship education in the nordic countries||Future sustainable democracies||Open access||ICCS 2009||Environmental citizenship||Education||Educational strategies & policy||Teacher training
700 ## - ADDED ENTRY--PERSONAL NAME
Personal name Biseth, Heidi||Hoskins, Bryony||Huang, Lihong
856 ## - ELECTRONIC LOCATION AND ACCESS
Uniform Resource Identifier <a href="https://library.oapen.org/bitstream/20.500.12657/47262/1/9783030667887.pdf">https://library.oapen.org/bitstream/20.500.12657/47262/1/9783030667887.pdf</a>
942 ## - ADDED ENTRY ELEMENTS (KOHA)
Koha item type E-Books
Holdings
Withdrawn status Lost status Damaged status Not for loan Home library Current library Date acquired Total Checkouts Date last seen Price effective from Koha item type
        Kerala University of Digital Sciences, Innovation and Technology Knowledge Centre Kerala University of Digital Sciences, Innovation and Technology Knowledge Centre 20/06/2022   20/06/2022 20/06/2022 E-Books